El defensor de la religion que se publicó en la ciudad de Guadalajara capital del estado de Jalisco para impugnar los errores de los últimos siglos

Detalles Bibliográficos
Formato: Libro
Lenguaje:Undetermined
Spanish
Publicado: Guadalajara : impreso en la oficina a cargo de José Osorio Santos, 1830-1831.
Materias:
Colección:Banco de datos
Acervo:Biblioteca Palafoxiana. Colección bibliográfica
Descripción Física:t. ; 8°
Tema general:Apologética
Notas:Número de localización: t.1 (13060); t.2 (13061); t.4 (13062)
LEADER 00648nam a2200157Ia 4500
008 150723s9999 xx 000 0 und d
041 0 |a spa 
050 0 |a PAFX BT1101 D4 
245 1 0 |a El defensor de la religion que se publicó en la ciudad de Guadalajara capital del estado de Jalisco para impugnar los errores de los últimos siglos 
260 |a Guadalajara : impreso en la oficina a cargo de José Osorio Santos, 1830-1831. 
300 |a t. ; 8° 
500 |a Número de localización: t.1 (13060); t.2 (13061); t.4 (13062) 
650 1 0 |a Apologética 
942 |c PALALIB 
943 |g Biblioteca Palafoxiana. Colección bibliográfica 
999 |c 1045103  |d 1045103